| 000 | 00405nam a22001577a 4500 | ||
|---|---|---|---|
| 003 | macl | ||
| 005 | 20221229130027.0 | ||
| 008 | 221229b |||||||| |||| 00| 0 eng d | ||
| 040 | _cmacl | ||
| 082 | _a823/RAM | ||
| 100 |
_aRamakrishna,Kamesh _981647 |
||
| 245 | _aFall of the kurus Book 1 the Making of Bhishma a Novel | ||
| 260 |
_aMumbai _bPlatinum Prees _c2018 |
||
| 650 | _aFiction | ||
| 942 |
_2ddc _cBK |
||
| 999 |
_c65802 _d65802 |
||